000 00593nam a2200181Ia 4500
008 140626s9999 xx 000 0 und d
100 _aCreekmur, Beth.
245 _aEffect of prior practice on the stimulus-response compatibility effect in a mixed mapping environment /
_cBeth Creekmur ... [et al.].
260 _cc2012.
300 _a125 : 3, page 321
440 _aThe American Journal of Psychology
521 _aPSYCH
650 _aCompatibility effects.
650 _aMixed mapping environment.
650 _aPrevious practices.
650 _aStimulus-response.
942 _cSE
999 _c121356
_d121356